ダイソーが10店舗以上の市区町村 - Statistics

General Stats
  • This quiz has been taken 508 times
  • The average score is 52 of 72
Answer Stats
店舗数 Answer % Correct
83 横浜市
96%
69 大阪市
96%
56 札幌市
95%
48 名古屋市
94%
45 広島市
94%
36 京都市
92%
32 福岡市
92%
31 仙台市
92%
26 川崎市
91%
47 神戸市
90%
38 さいたま市
90%
31 千葉市
90%
24 新潟市
89%
18 静岡市
89%
21 浜松市
88%
36 北九州市
87%
26 岡山市
87%
20 熊本市
87%
16 鹿児島市
87%
20 相模原市
86%
21 堺市
85%
24 松山市
84%
22 宇都宮市
84%
11 長崎市
84%
18 高松市
83%
16 船橋市
83%
10 水戸市
81%
19 八王子市
80%
15 大分市
79%
13 青森市
79%
12 盛岡市
79%
13 高崎市
78%
11 奈良市
78%
11 秋田市
78%
10 長野市
78%
18 姫路市
77%
14 前橋市
77%
14 高知市
75%
13 川口市
75%
10 和歌山市
75%
12 徳島市
74%
10 旭川市
74%
10 下関市
71%
16 福山市
70%
13 函館市
70%
13 津市
70%
13 鳥取市
70%
10 松江市
70%
17 松戸市
69%
15 倉敷市
68%
13 世田谷区
68%
12 藤沢市
68%
11 福井市
68%
15 東大阪市
67%
14 柏市
67%
13 いわき市
67%
11 西宮市
64%
16 足立区
62%
13 町田市
61%
13 大田区
60%
13 江東区
59%
10 つくば市
58%
14 葛飾区
54%
15 板橋区
50%
10 品川区
50%
13 吹田市
48%
11 富士市
38%
10 米子市
35%
10 東広島市
33%
10 草加市
24%
12 伊勢崎市
18%
10 和泉市
11%
No matching quizzes found
Score Distribution
Percent of People with Each Score
Percentile by Number Answered
Your Score History
You have not taken this quiz